000 00291nam a22001337a 4500
008 180105b xxu||||| |||| 00| 0 eng d
020 _a1879364026
041 _aeng
080 _a338
100 _a53
101 _aMNG
245 _aThe Memory Jogger Plus+
_cBrassard, M
942 _2udc
_cBK
999 _c39809
_d39809